00734cam a22002171 4500001001300000003000400013005001700017008004100034010001700075035001900092040004700111042001200158050002300170110005300193245005000246260007100296300001900367500009800386650001500484999001700499e 23000008 DLC20260227111214.0820812s1922 pau s000 0 eng c ae 23000008  a(OCoLC)8681027 aLibrary, U.S. Bur. of EducationcDNIEdDLC apremarc00aLB1561.P3bA3 19221 aPennsylvania.bDepartment of Public Instruction.00aManual and syllabuses for elementary schools. aHarrisburg, Pa.,bJ.L.L. Kuhn, printer to the Commonwealth,c1922. a526 p.c23 cm. aAt head of title: Commonwealth of Pennsylvania. Department of public instruction, Harrisburg. 0aEducation. c20585d20585